000 00323nam a22001457a 4500
008 221213b ||||| |||| 00| 0 eng d
020 _a9780238858
041 _aeng
080 _a159.9
082 _a159.9SCH
100 _a25
101 _aPSI
245 _aPSYCHOPATHOLOGY OF CHILDHOOD
_cSCHWARTZ S
942 _2udc
_cBK
999 _c59174
_d59174